<?xml version="1.0" encoding="UTF-8"?>
<record
    xmlns:xsi="http://www.w3.org/2001/XMLSchema-instance"
    xsi:schemaLocation="http://www.loc.gov/MARC21/slim http://www.loc.gov/standards/marcxml/schema/MARC21slim.xsd"
    xmlns="http://www.loc.gov/MARC21/slim">

  <leader>01419nam a22003377a 4500</leader>
  <controlfield tag="001">36333</controlfield>
  <controlfield tag="003">Ost</controlfield>
  <controlfield tag="005">20260507154556.0</controlfield>
  <controlfield tag="008">251113s9999||||xx |||||||||||||| ||eng||</controlfield>
  <datafield tag="020" ind1=" " ind2=" ">
    <subfield code="a">9788180313042</subfield>
  </datafield>
  <datafield tag="040" ind1=" " ind2=" ">
    <subfield code="c">nitttr</subfield>
  </datafield>
  <datafield tag="082" ind1=" " ind2=" ">
    <subfield code="a">891</subfield>
    <subfield code="b">ATI-V</subfield>
  </datafield>
  <datafield tag="100" ind1=" " ind2=" ">
    <subfield code="a">Mahadevi Verma - &#x92E;&#x939;&#x93E;&#x926;&#x947;&#x935;&#x940; &#x935;&#x930;&#x94D;&#x92E;&#x93E;</subfield>
  </datafield>
  <datafield tag="245" ind1=" " ind2="0">
    <subfield code="a">Atit Ke Chalchitra - &#x905;&#x924;&#x940;&#x924; &#x915;&#x947; &#x91A;&#x932;&#x91A;&#x93F;&#x924;&#x94D;&#x930;</subfield>
  </datafield>
  <datafield tag="250" ind1=" " ind2=" ">
    <subfield code="a">1st Ed.</subfield>
  </datafield>
  <datafield tag="260" ind1=" " ind2=" ">
    <subfield code="a">New Delhi, India</subfield>
    <subfield code="b">Lokbharti Prakashan</subfield>
    <subfield code="c">2008</subfield>
  </datafield>
  <datafield tag="300" ind1=" " ind2=" ">
    <subfield code="a">99 p.</subfield>
  </datafield>
  <datafield tag="650" ind1=" " ind2=" ">
    <subfield code="a"> &#x906;&#x924;&#x94D;&#x92E;&#x915;&#x925;&#x93E;&#x924;&#x94D;&#x92E;&#x915; &#x932;&#x947;&#x916;&#x928; </subfield>
  </datafield>
  <datafield tag="650" ind1=" " ind2=" ">
    <subfield code="a"> &#x915;&#x930;&#x941;&#x923;&#x93E; &#x914;&#x930; &#x938;&#x939;&#x93E;&#x928;&#x941;&#x92D;&#x942;&#x924;&#x93F; </subfield>
  </datafield>
  <datafield tag="650" ind1=" " ind2=" ">
    <subfield code="a"> &#x91C;&#x940;&#x935;&#x928; &#x915;&#x947; &#x91B;&#x94B;&#x91F;&#x947; &#x92A;&#x94D;&#x930;&#x938;&#x902;&#x917;&#x94B;&#x902; &#x915;&#x93E; &#x91A;&#x93F;&#x924;&#x94D;&#x930;&#x923;</subfield>
  </datafield>
  <datafield tag="650" ind1=" " ind2=" ">
    <subfield code="a"> &#x92A;&#x94D;&#x930;&#x915;&#x943;&#x924;&#x93F; &#x914;&#x930; &#x91C;&#x940;&#x935;&#x928; &#x915;&#x947; &#x905;&#x928;&#x941;&#x92D;&#x935; </subfield>
  </datafield>
  <datafield tag="650" ind1=" " ind2=" ">
    <subfield code="a"> &#x92C;&#x91A;&#x92A;&#x928; &#x914;&#x930; &#x905;&#x924;&#x940;&#x924; </subfield>
  </datafield>
  <datafield tag="650" ind1=" " ind2=" ">
    <subfield code="a"> &#x92D;&#x93E;&#x935;&#x928;&#x93E;&#x924;&#x94D;&#x92E;&#x915; &#x917;&#x939;&#x930;&#x93E;&#x908; </subfield>
  </datafield>
  <datafield tag="650" ind1=" " ind2=" ">
    <subfield code="a"> &#x92E;&#x93E;&#x928;&#x935;&#x940;&#x92F; &#x938;&#x902;&#x935;&#x947;&#x926;&#x928;&#x93E;&#x90F;&#x901; </subfield>
  </datafield>
  <datafield tag="650" ind1=" " ind2=" ">
    <subfield code="a"> &#x938;&#x902;&#x935;&#x947;&#x926;&#x928;&#x936;&#x940;&#x932;&#x924;&#x93E; &#x914;&#x930; &#x92E;&#x93E;&#x928;&#x935;&#x924;&#x93E; </subfield>
  </datafield>
  <datafield tag="650" ind1=" " ind2=" ">
    <subfield code="a"> &#x938;&#x93E;&#x92E;&#x93E;&#x91C;&#x93F;&#x915; &#x91C;&#x940;&#x935;&#x928; &#x915;&#x93E; &#x91A;&#x93F;&#x924;&#x94D;&#x930;&#x923; </subfield>
  </datafield>
  <datafield tag="650" ind1=" " ind2=" ">
    <subfield code="a"> &#x938;&#x93E;&#x939;&#x93F;&#x924;&#x94D;&#x92F;&#x93F;&#x915; &#x938;&#x930;&#x932;&#x924;&#x93E; &#x914;&#x930; &#x938;&#x94C;&#x902;&#x926;&#x930;&#x94D;&#x92F; </subfield>
  </datafield>
  <datafield tag="650" ind1=" " ind2=" ">
    <subfield code="a"> &#x938;&#x94D;&#x924;&#x94D;&#x930;&#x940; &#x905;&#x928;&#x941;&#x92D;&#x935; &#x914;&#x930; &#x926;&#x943;&#x937;&#x94D;&#x91F;&#x93F; </subfield>
  </datafield>
  <datafield tag="650" ind1=" " ind2=" ">
    <subfield code="a">&#x938;&#x94D;&#x92E;&#x943;&#x924;&#x93F;&#x92F;&#x93E;&#x901; &#x914;&#x930; &#x938;&#x902;&#x938;&#x94D;&#x92E;&#x930;&#x923; </subfield>
  </datafield>
  <datafield tag="942" ind1=" " ind2=" ">
    <subfield code="c">BK</subfield>
  </datafield>
  <datafield tag="999" ind1=" " ind2=" ">
    <subfield code="c">329</subfield>
    <subfield code="d">329</subfield>
  </datafield>
  <datafield tag="952" ind1=" " ind2=" ">
    <subfield code="0">0</subfield>
    <subfield code="1">0</subfield>
    <subfield code="4">0</subfield>
    <subfield code="7">0</subfield>
    <subfield code="a">NITTTR</subfield>
    <subfield code="b">NITTTR</subfield>
    <subfield code="d">2026-05-07</subfield>
    <subfield code="l">0</subfield>
    <subfield code="o">891. ATI-V</subfield>
    <subfield code="p">50252</subfield>
    <subfield code="r">2026-05-07 15:45:56</subfield>
    <subfield code="w">2026-05-07</subfield>
    <subfield code="y">BK</subfield>
  </datafield>
</record>
